000
00264nam a22001097a 4500
082
_a
629.1 GLI'M
100
_a
GLINES, CEROLL V
_9
58675
245
_a
THE MODERN UNITED STATE AIR FORCE
260
_a
NEWJERSCY
_b
D. VAN NOSTRAND
_c
1963
300
_a
200P
942
_c
BK
999
_c
568819
_d
568819